000 01834nam a2200361 a 4500
001 ebr10690893
003 CaPaEBR
006 m u
007 cr cn|||||||||
008 130125s2013 sz a sb 001 0 eng d
010 _z 2012044441
020 _z9783034306324
020 _z9783035104431 (e-book)
040 _aCaPaEBR
_cCaPaEBR
035 _a(OCoLC)841207977
043 _au-at---
050 1 4 _aPN1995.9.S253
_bM39 2013eb
082 0 4 _a791.43/6558
_223
100 1 _aMay, Josephine,
_d1950-
245 1 0 _aReel schools
_h[electronic resource] :
_bschooling and the nation in Australian cinema /
_cJosephine May.
260 _aBern ;
_aNew York :
_bPeter Lang,
_c2013.
300 _ax, 285 p. :
_bill. (some col.)
504 _aIncludes bibliographical references and index.
505 0 _aIntroduction: the cinematic vernacular of Australian schooling -- The silent era: "a school of sentiment" -- High tide of nationalist portrayal 1930s-1960s -- Nation and the girls' boarding school in the 1970s -- Nation and the boys' school in the 1970s -- State high school blues in the early 1980s -- The school film in the late 1980s -- Multicultural nation at school in the 1980s-1990s -- Private school fantasies in the 2000s -- Conclusion.
533 _aElectronic reproduction.
_bPalo Alto, Calif. :
_cebrary,
_d2013.
_nAvailable via World Wide Web.
_nAccess may be limited to ebrary affiliated libraries.
650 0 _aSchools in motion pictures.
650 0 _aEducation in motion pictures.
650 0 _aNationalism in motion pictures.
650 0 _aMotion pictures
_zAustralia
_xHistory and criticism.
655 7 _aElectronic books.
_2local
710 2 _aebrary, Inc.
856 4 0 _uhttp://site.ebrary.com/lib/rucke/Doc?id=10690893
_zAn electronic book accessible through the World Wide Web; click to view
999 _c11127
_d11127